Mica panis quotidiani eucharistici, id est, praxis historica & methodica, à sanctorum exemplis & doctrinis mutuata, ac in formam piarum meditationum pro quolibet anni die studiosè, redacta, methodum ostendens ad divinissimum altaris ministerium se dignè, devotè, ac affectuosè, praeparandi; opusculum deliciosum aequè, ac salutare à viro quodam religioso ordinem s. spiritùs canonicorum regularium de Româ in Saxia Memmingae professo conscriptum, jam verò ob ascesin planè singularem publici juris factum

Detalles Bibliográficos
Formato: Libro
Lenguaje:Latin
Publicado: Augustae Vindelicorum 1746
Materias:
Colección:Banco de datos
Acervo:Biblioteca de la Congregación del Oratorio de San Felipe Neri de México. Iglesia La Profesa
Descripción Física:2 t. en 1 v. 8°
Tema general:Ascética
Notas:Portada tipográfica con pleca en grabado xilográfico. Texto a renglón seguido con notas a pie de página. Incluyen cabeceras de título en grabado xilográfico. Incluyen capitulares en grabado xilográfico. Cada tomo con portada y numeración propias. Año del t. 1 publicado en 1746. Paginación: t. 1 [8] h., 293 p.; t. 2 432 p., [8] h. Falta encuadernación. Sello en tinta del Oratorio de San Felipe Neri de México. Biblioteca La Profesa, D.F.
LEADER 01494nam a22001690004500
035 |a 3445 
041 0 |a lat 
245 1 0 |a Mica panis quotidiani eucharistici, id est, praxis historica & methodica, à sanctorum exemplis & doctrinis mutuata, ac in formam piarum meditationum pro quolibet anni die studiosè, redacta, methodum ostendens ad divinissimum altaris ministerium se dignè, devotè, ac affectuosè, praeparandi; opusculum deliciosum aequè, ac salutare à viro quodam religioso ordinem s. spiritùs canonicorum regularium de Româ in Saxia Memmingae professo conscriptum, jam verò ob ascesin planè singularem publici juris factum 
260 |a Augustae Vindelicorum  |b apud Christophorum Bartl  |c 1746 
300 |a 2 t. en 1 v.  |c 8° 
500 |a Portada tipográfica con pleca en grabado xilográfico. Texto a renglón seguido con notas a pie de página. Incluyen cabeceras de título en grabado xilográfico. Incluyen capitulares en grabado xilográfico. Cada tomo con portada y numeración propias. Año del t. 1 publicado en 1746. Paginación: t. 1 [8] h., 293 p.; t. 2 432 p., [8] h. Falta encuadernación. Sello en tinta del Oratorio de San Felipe Neri de México. Biblioteca La Profesa, D.F. 
504 |a Índice de santos y otros varones y mujeres 
650 1 0 |a Ascética 
949 |a Iglesia La Profesa, Biblioteca t. 1 (7475); t. 2 (7475) 
942 |c PROFESA 
943 |g Biblioteca de la Congregación del Oratorio de San Felipe Neri de México. Iglesia La Profesa 
999 |c 950256  |d 950256